Random Flags - Statistics

General Stats
  • This quiz has been taken 20 times
  • The average score is 7 of 12
Answer Stats
Picture Answer % Correct
Scotland
100%
China
90%
Soviet Union
90%
United Nations
90%
Chad
80%
LGBTQ
70%
Libya
60%
German Empire
50%
Biafra
25%
Communist Party of USA
15%
Dar El Kuti
10%
Jihad
10%
No matching quizzes found
Score Distribution
Percent of People with Each Score
Percentile by Number Answered
Your Score History
You have not taken this quiz